50 Biggest Cities in Kansas - Statistics

General Stats
  • This quiz has been taken 26 times
  • The average score is 17 of 50
Answer Stats
Answer % Correct
Wichita
91%
Kansas City
87%
Overland Park
83%
Topeka
78%
Dodge City
74%
Olathe
74%
Salina
70%
Lawrence
61%
Manhattan
61%
Shawnee
61%
Hays
57%
Pittsburg
57%
Hutchinson
52%
Leavenworth
52%
Lenexa
52%
Emporia
48%
Garden City
43%
Junction City
43%
Derby
30%
Independence
30%
Leawood
30%
Liberal
30%
Arkansas City
26%
Coffeyville
26%
Atchison
22%
Chanute
22%
Fort Scott
22%
Mission
22%
Parsons
22%
Andover
17%
Gardner
17%
Great Bend
17%
Prairie Village
17%
Winfield
17%
El Dorado
13%
Haysville
13%
Lansing
13%
McPherson
13%
Newton
13%
Ottawa
13%
Valley Center
13%
Augusta
9%
Bonner Springs
9%
Spring Hill
9%
Wellington
9%
Basehor
4%
Bel Aire
4%
Fort Riley
4%
Merriam
4%
Park City
4%
No matching quizzes found
Score Distribution
Percent of People with Each Score
Percentile by Number Answered
Your Score History
You have not taken this quiz